Handbook of the pre-stamp postmarks of Austria (Record no. 1895)

000 -LEADER
fixed length control field 00598nam a22000977a 4500
008 - FIXED-LENGTH DATA ELEMENTS--GENERAL INFORMATION
fixed length control field 160416b xxu||||| |||| 00| 0 eng d
100 ## - MAIN ENTRY--AUTHOR'S NAME
Author's Name Mueller, Edwin
245 ## - TITLE STATEMENT
Title Handbook of the pre-stamp postmarks of Austria
Remainder of title Edwin Mueller's Handbook of the pre-stamp postmarks of Austria
260 ## - PUBLICATION, DISTRIBUTION, ETC. (IMPRINT)
Place of publication, distribution, etc. New York
Name of publisher, distributor, etc. Collectors Club
Date of publication, distribution, etc. 1960
650 ## - TOPICAL TERM (Tag)
Topical term or geographic name Austria | Postal History | Postal Markings | 18th Century | 19th Century | Postal Rates | Post Offices | Pre-adhesive Covers | Covers | Registered Mail | Locals and Private Posts | Military Mail | Offices Abroad | Used Abroad | Maritime Mail | Catalogs and Price Lists
Holdings
Withdrawn status Lost status Source of classification or shelving scheme Damaged status Koha normalized classification for sorting Not for loan Permanent Location Current Location Date acquired Total Checkouts Full call number Barcode Date last seen Price effective from
        G6491 P857 M946   Northern Philatelic Library Northern Philatelic Library 04/16/2016   G6491 P857 M946 1002200 04/16/2016 04/16/2016

Powered by Koha